[Event "Girls U12 Polish Youth Championship"]
[Site "chess24.com"]
[Date "2018.05.04"]
[Round "8"]
[White "Giemza, Julia"]
[Black "Janikowska, Wiktoria"]
[Result "1-0"]
[Board "16"]
[WhiteElo "1195"]
[WhiteCountry "POL"]
[WhiteFideId "21872112"]
[WhiteEloChange "15"]
[BlackElo "1369"]
[BlackCountry "POL"]
[BlackFideId "21836388"]
[BlackEloChange "-15"]

1. e4 {[%clk 1:30:58]} c5 {[%clk 1:30:47]} 2. Nf3 {[%clk 1:31:21]} g6 {[%clk
1:31:10]} 3. d4 {[%clk 1:31:24]} cxd4 {[%clk 1:31:20]} 4. Nxd4 {[%clk 1:31:28]}
Nc6 {[%clk 1:31:45]} 5. Nc3 {[%clk 1:31:15]} Bg7 {[%clk 1:31:55]} 6. Nb3 {[%clk
1:31:02]} Nf6 {[%clk 1:31:37]} 7. g3 {[%clk 1:29:03]} O-O {[%clk 1:31:31]} 8. Bg2
{[%clk 1:28:36]} d6 {[%clk 1:30:29]} 9. O-O {[%clk 1:25:17]} Bg4 {[%clk 1:23:34]}
10. f3 {[%clk 1:23:55]} Be6 {[%clk 1:22:01]} 11. h3 {[%clk 1:12:45]} Qd7 {[%clk
1:21:20]} 12. Kh2 {[%clk 1:05:36]} a5 {[%clk 1:09:32]} 13. Be3 {[%clk 0:55:13]}
a4 {[%clk 0:58:08]} 14. Nd4 {[%clk 0:46:55]} Bc4 {[%clk 0:54:32]} 15. Re1 {[%clk
0:38:11]} Nxd4 {[%clk 0:53:32]} 16. Bxd4 {[%clk 0:37:59]} e5 {[%clk 0:53:18]} 17.
Be3 {[%clk 0:33:42]} d5 {[%clk 0:49:40]} 18. exd5 {[%clk 0:29:19]} Nxd5 {[%clk
0:46:14]} 19. b3 {[%clk 0:23:06]} Rfd8 {[%clk 0:44:56]} 20. Nxa4 {[%clk 0:19:07]}
Nxe3 {[%clk 0:44:29]} 21. Qxd7 {[%clk 0:19:17]} Rxd7 {[%clk 0:44:32]} 22. Rxe3
{[%clk 0:19:32]} Bd5 {[%clk 0:42:21]} 23. Nb6 {[%clk 0:19:26]} Rad8 {[%clk
0:35:54]} 24. Nxd7 {[%clk 0:19:13]} Rxd7 {[%clk 0:36:13]} 25. Rd1 {[%clk
0:19:23]} Bc6 {[%clk 0:36:04]} 26. Rxd7 {[%clk 0:19:38]} Bxd7 {[%clk 0:36:28]}
27. Rd3 {[%clk 0:19:39]} Bf5 {[%clk 0:36:35]} 28. Rd8+ {[%clk 0:19:38]} Bf8
{[%clk 0:36:57]} 29. Rb8 {[%clk 0:19:34]} Bxc2 {[%clk 0:36:49]} 30. Rxb7 {[%clk
0:19:11]} Ba3 {[%clk 0:36:34]} 31. Rb5 {[%clk 0:18:42]} Bb1 {[%clk 0:36:25]} 32.
Rxe5 {[%clk 0:18:52]} Kg7 {[%clk 0:36:04]} 33. f4 {[%clk 0:18:39]} Bb2 {[%clk
0:36:06]} 34. Re2 {[%clk 0:18:53]} Ba3 {[%clk 0:36:26]} 35. Be4 {[%clk 0:19:15]}
Bxe4 {[%clk 0:36:07]} 36. Rxe4 {[%clk 0:19:40]} Bc5 {[%clk 0:35:05]} 37. a4
{[%clk 0:19:52]} Bb6 {[%clk 0:35:13]} 38. b4 {[%clk 0:20:09]} Bc7 {[%clk
0:35:14]} 39. Rc4 {[%clk 0:20:19]} Bd6 {[%clk 0:35:25]} 40. a5 {[%clk 0:20:32]}
Bb8 {[%clk 0:35:35]} 41. b5 {[%clk 0:20:51]} h5 {[%clk 0:35:17]} 42. b6 {[%clk
0:21:08]} Kf6 {[%clk 0:35:15]} 43. a6 {[%clk 0:21:29]} Kg7 {[%clk 0:35:39]} 44.
a7 {[%clk 0:21:55]} Bxa7 {[%clk 0:36:05]} 45. bxa7 {[%clk 0:22:21]} Kf6 {[%clk
0:36:23]} 46. a8Q {[%clk 0:22:43]} Kg7 {[%clk 0:36:41]} 47. Rc6 {[%clk 0:23:03]}
Kh7 {[%clk 0:36:03]} 48. Qb7 {[%clk 0:23:17]} Kg7 {[%clk 0:36:23]} 49. Rc7 {[%clk
0:23:41]} h4 {[%clk 0:36:47]} 50. Rxf7+ {[%clk 0:24:03]} Kg8 {[%clk 0:36:57]} 51.
Rc7 {[%clk 0:24:18]} hxg3+ {[%clk 0:37:21]} 52. Kxg3 {[%clk 0:24:40]} g5 {[%clk
0:37:40]} 53. Rc8# {[%clk 0:25:01]} 1-0

[Event "Girls U12 Polish Youth Championship"]
[Site "chess24.com"]
[Date "2018.05.04"]
[Round "8"]
[White "Mazurek, Maja"]
[Black "Pastuszko, Katarzyna"]
[Result "1/2-1/2"]
[Board "17"]
[WhiteElo "1233"]
[WhiteCountry "POL"]
[WhiteFideId "21836426"]
[WhiteEloChange "3"]
[BlackElo "1357"]
[BlackCountry "POL"]
[BlackFideId "21844615"]
[BlackEloChange "-3"]

1. d4 {[%clk 1:30:56]} c5 {[%clk 1:30:45]} 2. e3 {[%clk 1:28:37]} Nf6 {[%clk
1:30:41]} 3. Nf3 {[%clk 1:28:03]} g6 {[%clk 1:30:14]} 4. c4 {[%clk 1:27:03]} Bg7
{[%clk 1:29:11]} 5. Nc3 {[%clk 1:26:24]} O-O {[%clk 1:27:15]} 6. d5 {[%clk
1:15:28]} d6 {[%clk 1:23:07]} 7. Bd3 {[%clk 1:13:04]} e6 {[%clk 1:19:15]} 8. e4
{[%clk 1:12:47]} exd5 {[%clk 1:17:31]} 9. cxd5 {[%clk 1:08:58]} Re8 {[%clk
1:16:33]} 10. O-O {[%clk 1:08:55]} Bg4 {[%clk 1:14:34]} 11. h3 {[%clk 1:07:33]}
Bd7 {[%clk 1:05:35]} 12. Bf4 {[%clk 1:05:51]} Na6 {[%clk 1:01:00]} 13. Re1 {[%clk
0:54:20]} Qb6 {[%clk 0:52:27]} 14. Qb3 {[%clk 0:44:09]} Qc7 {[%clk 0:47:52]} 15.
a3 {[%clk 0:37:00]} Rac8 {[%clk 0:46:32]} 16. Bc4 {[%clk 0:34:07]} Re7 {[%clk
0:33:26]} 17. Qc2 {[%clk 0:33:18]} Nh5 {[%clk 0:30:18]} 18. Bh2 {[%clk 0:28:47]}
Bxc3 {[%clk 0:26:52]} 19. Qxc3 {[%clk 0:25:44]} b5 {[%clk 0:21:56]} 20. Bd3
{[%clk 0:21:26]} c4 {[%clk 0:19:34]} 21. Bc2 {[%clk 0:20:16]} Nc5 {[%clk
0:17:49]} 22. Qd4 {[%clk 0:19:26]} Nb3 {[%clk 0:16:10]} 23. Bxb3 {[%clk 0:18:42]}
cxb3 {[%clk 0:16:07]} 24. Qb4 {[%clk 0:17:30]} Ree8 {[%clk 0:12:06]} 25. Rac1
{[%clk 0:13:47]} Qb6 {[%clk 0:10:05]} 26. Rxc8 {[%clk 0:11:03]} Rxc8 {[%clk
0:09:51]} 27. Qxb3 {[%clk 0:10:22]} Rc4 {[%clk 0:08:25]} 28. Qd3 {[%clk 0:08:39]}
a5 {[%clk 0:07:04]} 29. Qe3 {[%clk 0:07:06]} Qc7 {[%clk 0:05:42]} 30. Qd3 {[%clk
0:04:42]} Qc5 {[%clk 0:03:56]} 31. Qe3 {[%clk 0:04:25]} Qc7 {[%clk 0:03:54]} 32.
e5 {[%clk 0:02:54]} dxe5 {[%clk 0:02:25]} 33. Nxe5 {[%clk 0:03:22]} Rc2 {[%clk
0:01:49]} 34. Nxd7 {[%clk 0:01:22]} Qxd7 {[%clk 0:02:07]} 35. Qe8+ {[%clk
0:01:12]} Qxe8 {[%clk 0:02:18]} 36. Rxe8+ {[%clk 0:01:37]} Kg7 {[%clk 0:02:37]}
37. Be5+ {[%clk 0:01:41]} f6 {[%clk 0:02:20]} 38. Bc3 {[%clk 0:01:46]} Rc1+
{[%clk 0:02:23]} 39. Kh2 {[%clk 0:01:53]} Rd1 {[%clk 0:02:23]} 40. Re4 {[%clk
0:01:15]} Kf7 {[%clk 0:02:03]} 41. Bxa5 {[%clk 0:00:38]} Rxd5 {[%clk 0:02:15]}
42. Bb4 {[%clk 0:01:01]} Re5 {[%clk 0:01:50]} 43. Rxe5 {[%clk 0:00:55]} fxe5
{[%clk 0:02:01]} 44. g4 {[%clk 0:00:46]} Nf6 {[%clk 0:02:11]} 45. Kg3 {[%clk
0:01:00]} Ke6 {[%clk 0:01:53]} 46. Kf3 {[%clk 0:01:18]} Kd5 {[%clk 0:01:47]} 47.
b3 {[%clk 0:01:02]} Kd4 {[%clk 0:01:31]} 48. Ke2 {[%clk 0:01:25]} Nd5 {[%clk
0:01:23]} 49. Kd2 {[%clk 0:00:36]} Nxb4 {[%clk 0:01:09]} 50. axb4 {[%clk
0:01:04]} g5 {[%clk 0:01:03]} 51. f3 {[%clk 0:00:39]} e4 {[%clk 0:01:08]} 52.
fxe4 {[%clk 0:00:50]} Kxe4 {[%clk 0:01:33]} 53. Ke2 {[%clk 0:01:02]} Kd4 {[%clk
0:01:35]} 54. Kd2 {[%clk 0:00:38]} h6 {[%clk 0:01:44]} 55. Kc2 {[%clk 0:00:53]}
Ke4 {[%clk 0:01:52]} 56. Kc3 {[%clk 0:01:16]} Ke3 {[%clk 0:02:11]} 57. Kc2 {[%clk
0:01:10]} 1/2-1/2

[Event "Girls U12 Polish Youth Championship"]
[Site "chess24.com"]
[Date "2018.05.04"]
[Round "8"]
[White "Olszewska, Wiktoria"]
[Black "Szopa, Emilia"]
[Result "1-0"]
[Board "18"]
[WhiteElo "1117"]
[WhiteCountry "POL"]
[WhiteFideId "21836485"]
[WhiteEloChange "14"]
[BlackElo "1261"]
[BlackCountry "POL"]
[BlackFideId "21858853"]
[BlackEloChange "-14"]

1. e4 {[%clk 1:30:57]} e5 {[%clk 1:30:28]} 2. Nf3 {[%clk 1:31:20]} Nc6 {[%clk
1:30:50]} 3. Bb5 {[%clk 1:31:42]} a6 {[%clk 1:30:34]} 4. Ba4 {[%clk 1:32:00]} Nf6
{[%clk 1:30:17]} 5. O-O {[%clk 1:30:55]} b5 {[%clk 1:28:55]} 6. Bb3 {[%clk
1:31:15]} Bc5 {[%clk 1:28:07]} 7. d3 {[%clk 1:29:42]} d6 {[%clk 1:27:38]} 8. c3
{[%clk 1:29:50]} O-O {[%clk 1:26:15]} 9. h3 {[%clk 1:29:19]} Bb6 {[%clk 1:24:54]}
10. Re1 {[%clk 1:28:07]} h6 {[%clk 1:25:04]} 11. d4 {[%clk 1:27:28]} Bb7 {[%clk
1:24:27]} 12. Bc2 {[%clk 1:23:41]} Re8 {[%clk 1:22:40]} 13. b3 {[%clk 1:19:59]}
exd4 {[%clk 1:21:13]} 14. cxd4 {[%clk 1:18:55]} Nb4 {[%clk 1:20:19]} 15. Nbd2
{[%clk 1:16:50]} Nxc2 {[%clk 1:18:59]} 16. Qxc2 {[%clk 1:17:11]} d5 {[%clk
1:14:10]} 17. e5 {[%clk 1:12:36]} Ne4 {[%clk 1:13:55]} 18. Bb2 {[%clk 1:10:19]}
Ba5 {[%clk 1:08:07]} 19. Nxe4 {[%clk 1:06:42]} dxe4 {[%clk 1:06:13]} 20. Nd2
{[%clk 1:06:52]} Qg5 {[%clk 1:05:48]} 21. Re3 {[%clk 1:03:26]} f5 {[%clk
1:00:55]} 22. exf6 {[%clk 1:00:09]} Qxf6 {[%clk 1:01:07]} 23. d5 {[%clk 0:56:42]}
Qf4 {[%clk 0:57:43]} 24. Nf1 {[%clk 0:40:33]} Bxd5 {[%clk 0:54:04]} 25. Rd1
{[%clk 0:38:18]} Qf7 {[%clk 0:49:34]} 26. Rg3 {[%clk 0:36:29]} g6 {[%clk
0:48:32]} 27. Qc5 {[%clk 0:32:55]} Be6 {[%clk 0:44:56]} 28. Qd4 {[%clk 0:29:45]}
Kh7 {[%clk 0:43:14]} 29. Ne3 {[%clk 0:24:38]} Rf8 {[%clk 0:41:20]} 30. Ng4 {[%clk
0:24:28]} Bxg4 {[%clk 0:40:42]} 31. Rxg4 {[%clk 0:24:46]} Bb6 {[%clk 0:40:24]}
32. Qd7 {[%clk 0:23:43]} Bxf2+ {[%clk 0:38:17]} 33. Kh1 {[%clk 0:23:31]} Kg8
{[%clk 0:34:15]} 34. Rxe4 {[%clk 0:19:26]} Bg3 {[%clk 0:32:50]} 35. Qe6 {[%clk
0:17:52]} Kh7 {[%clk 0:30:33]} 36. Rd7 {[%clk 0:17:41]} Kg8 {[%clk 0:28:03]} 37.
Rxf7 {[%clk 0:18:00]} Rae8 {[%clk 0:27:05]} 38. Rxf8+ {[%clk 0:17:41]} Kxf8
{[%clk 0:27:07]} 39. Qxe8# {[%clk 0:17:40]} 1-0

[Event "Girls U12 Polish Youth Championship"]
[Site "chess24.com"]
[Date "2018.05.04"]
[Round "8"]
[White "Sivickis, Kornelia"]
[Black "Bukala, Weronika"]
[Result "0-1"]
[Board "19"]
[WhiteElo "1026"]
[WhiteCountry "POL"]
[WhiteFideId "21836531"]
[WhiteEloChange "-4"]
[BlackElo "1255"]
[BlackCountry "POL"]
[BlackFideId "21859515"]
[BlackEloChange "4"]

1. e4 {[%clk 1:30:57]} Nf6 {[%clk 1:30:32]} 2. Nc3 {[%clk 1:31:17]} d5 {[%clk
1:30:28]} 3. e5 {[%clk 1:31:19]} d4 {[%clk 1:30:13]} 4. exf6 {[%clk 1:31:32]}
dxc3 {[%clk 1:29:50]} 5. fxg7 {[%clk 1:31:40]} cxd2+ {[%clk 1:28:59]} 6. Qxd2
{[%clk 1:32:00]} Qxd2+ {[%clk 1:28:47]} 7. Bxd2 {[%clk 1:32:20]} Bxg7 {[%clk
1:28:34]} 8. O-O-O {[%clk 1:32:34]} O-O {[%clk 1:27:51]} 9. Bc4 {[%clk 1:32:21]}
Rd8 {[%clk 1:26:43]} 10. Nf3 {[%clk 1:29:35]} Nc6 {[%clk 1:17:22]} 11. h4 {[%clk
1:24:33]} Bg4 {[%clk 1:02:52]} 12. Rde1 {[%clk 1:22:20]} Rd7 {[%clk 0:58:05]} 13.
a3 {[%clk 1:20:52]} Rad8 {[%clk 0:57:20]} 14. Bd3 {[%clk 1:20:42]} Bxf3 {[%clk
0:54:39]} 15. gxf3 {[%clk 1:19:24]} Ne5 {[%clk 0:54:07]} 16. Re3 {[%clk 1:18:25]}
Nxd3+ {[%clk 0:52:13]} 17. cxd3 {[%clk 1:17:18]} Rxd3 {[%clk 0:48:15]} 18. Rxd3
{[%clk 1:16:41]} Rxd3 {[%clk 0:48:36]} 19. Rg1 {[%clk 1:16:39]} Kf8 {[%clk
0:48:16]} 20. Rg3 {[%clk 1:16:09]} Rd6 {[%clk 0:43:56]} 21. Bc3 {[%clk 1:13:37]}
Bxc3 {[%clk 0:43:22]} 22. bxc3 {[%clk 1:13:58]} Rg6 {[%clk 0:42:58]} 23. Kd2
{[%clk 1:13:40]} Ra6 {[%clk 0:42:44]} 24. Kc2 {[%clk 1:13:09]} Rxa3 {[%clk
0:42:58]} 25. Kb2 {[%clk 1:12:51]} Ra6 {[%clk 0:42:40]} 26. h5 {[%clk 1:11:44]}
Re6 {[%clk 0:42:08]} 27. Rg2 {[%clk 1:11:29]} Re5 {[%clk 0:40:24]} 28. Rh2 {[%clk
1:11:28]} Kg7 {[%clk 0:38:56]} 29. h6+ {[%clk 1:11:30]} Kg6 {[%clk 0:39:00]} 30.
Kc2 {[%clk 1:11:21]} Rh5 {[%clk 0:39:06]} 31. Rg2+ {[%clk 1:10:28]} Kxh6 {[%clk
0:38:08]} 32. Kd2 {[%clk 1:09:46]} Rg5 {[%clk 0:37:27]} 33. Rh2+ {[%clk 1:09:55]}
Kg7 {[%clk 0:35:11]} 34. Rh1 {[%clk 1:07:51]} Ra5 {[%clk 0:34:12]} 35. Rg1+
{[%clk 1:04:19]} Kh8 {[%clk 0:32:49]} 36. Rf1 {[%clk 1:03:57]} Ra2+ {[%clk
0:31:29]} 37. Kd3 {[%clk 1:03:38]} Kg7 {[%clk 0:25:31]} 38. Rg1+ {[%clk 1:00:18]}
Kf6 {[%clk 0:25:17]} 39. Rg2 {[%clk 0:59:45]} h5 {[%clk 0:19:05]} 40. Ke4 {[%clk
0:57:33]} Ra4+ {[%clk 0:17:38]} 41. Ke3 {[%clk 0:56:40]} Rh4 {[%clk 0:15:27]} 42.
Rg3 {[%clk 0:55:58]} Rh1 {[%clk 0:14:37]} 43. Ke2 {[%clk 0:53:52]} h4 {[%clk
0:13:41]} 44. Rg4 {[%clk 0:52:24]} h3 {[%clk 0:12:16]} 45. c4 {[%clk 0:51:38]} h2
{[%clk 0:11:46]} 46. Rh4 {[%clk 0:52:00]} a5 {[%clk 0:10:43]} 47. c5 {[%clk
0:50:23]} a4 {[%clk 0:10:51]} 48. Rxa4 {[%clk 0:50:35]} Re1+ {[%clk 0:10:55]} 49.
Kxe1 {[%clk 0:50:58]} h1Q+ {[%clk 0:11:14]} 0-1

[Event "Girls U12 Polish Youth Championship"]
[Site "chess24.com"]
[Date "2018.05.04"]
[Round "8"]
[White "Siekanska, Maria"]
[Black "Skolska, Emilia"]
[Result "1-0"]
[Board "20"]
[WhiteElo "1550"]
[WhiteCountry "POL"]
[WhiteFideId "21852650"]
[WhiteEloChange "2"]
[BlackElo "1211"]
[BlackCountry "POL"]
[BlackFideId "21883645"]
[BlackEloChange "-2"]

1. d4 {[%clk 1:30:59]} d5 {[%clk 1:30:55]} 2. c4 {[%clk 1:31:24]} e6 {[%clk
1:31:21]} 3. Nc3 {[%clk 1:31:49]} Nf6 {[%clk 1:31:47]} 4. cxd5 {[%clk 1:32:10]}
exd5 {[%clk 1:32:11]} 5. Bg5 {[%clk 1:32:35]} Nbd7 {[%clk 1:32:28]} 6. e3 {[%clk
1:32:47]} c6 {[%clk 1:32:52]} 7. Bd3 {[%clk 1:33:05]} Be7 {[%clk 1:33:14]} 8.
Nge2 {[%clk 1:32:56]} O-O {[%clk 1:33:33]} 9. O-O {[%clk 1:33:18]} Re8 {[%clk
1:33:55]} 10. a3 {[%clk 1:30:38]} Nf8 {[%clk 1:29:15]} 11. f3 {[%clk 1:26:37]}
Ng6 {[%clk 1:25:11]} 12. Bc2 {[%clk 1:21:57]} Qc7 {[%clk 1:15:05]} 13. e4 {[%clk
1:19:44]} dxe4 {[%clk 1:02:45]} 14. fxe4 {[%clk 1:19:58]} Ng4 {[%clk 1:02:01]}
15. Bf4 {[%clk 1:18:54]} Nxf4 {[%clk 1:02:23]} 16. Nxf4 {[%clk 1:15:36]} Ne3
{[%clk 1:02:11]} 17. Qd3 {[%clk 1:15:30]} Nxf1 {[%clk 1:01:19]} 18. Rxf1 {[%clk
1:15:35]} Bg5 {[%clk 0:58:41]} 19. e5 {[%clk 1:08:25]} g6 {[%clk 0:58:05]} 20.
Qg3 {[%clk 1:07:17]} Bh6 {[%clk 0:57:01]} 21. Ne4 {[%clk 0:56:23]} Bg7 {[%clk
0:52:18]} 22. Nh5 {[%clk 0:55:37]} Kh8 {[%clk 0:49:06]} 23. Nxg7 {[%clk 0:54:28]}
Kxg7 {[%clk 0:45:57]} 24. Nf6 {[%clk 0:53:20]} Rd8 {[%clk 0:45:45]} 25. Qh4
{[%clk 0:52:53]} h5 {[%clk 0:45:15]} 26. Qg5 {[%clk 0:52:34]} Rxd4 {[%clk
0:42:43]} 27. Nxh5+ {[%clk 0:52:30]} Kf8 {[%clk 0:42:22]} 28. Qxg6 {[%clk
0:51:46]} Rg4 {[%clk 0:39:56]} 29. Qh6+ {[%clk 0:49:35]} Ke7 {[%clk 0:39:15]} 30.
Qf6+ {[%clk 0:48:03]} Ke8 {[%clk 0:39:06]} 31. Qh8+ {[%clk 0:47:15]} Ke7 {[%clk
0:39:08]} 32. Rxf7+ {[%clk 0:47:09]} Kxf7 {[%clk 0:39:01]} 33. Qh7+ {[%clk
0:47:29]} 1-0

[Event "Girls U12 Polish Youth Championship"]
[Site "chess24.com"]
[Date "2018.05.04"]
[Round "8"]
[White "Walendykiewicz, Martyna"]
[Black "Pudelko, Magdalena"]
[Result "0-1"]
[Board "21"]
[WhiteElo "1071"]
[WhiteCountry "POL"]
[WhiteFideId "21832927"]
[WhiteEloChange "-5"]
[BlackElo "1241"]
[BlackCountry "POL"]
[BlackFideId "21839093"]
[BlackEloChange "5"]

1. e4 {[%clk 1:30:59]} d5 {[%clk 1:30:59]} 2. exd5 {[%clk 1:31:20]} Qxd5 {[%clk
1:31:21]} 3. Nc3 {[%clk 1:31:46]} Qa5 {[%clk 1:31:42]} 4. d4 {[%clk 1:32:04]} Nf6
{[%clk 1:31:38]} 5. Bd2 {[%clk 1:32:24]} c6 {[%clk 1:31:06]} 6. Be2 {[%clk
1:32:26]} Bf5 {[%clk 1:30:59]} 7. Nf3 {[%clk 1:32:27]} e6 {[%clk 1:31:04]} 8. a3
{[%clk 1:31:12]} Nbd7 {[%clk 1:30:56]} 9. h3 {[%clk 1:29:59]} Be7 {[%clk
1:29:46]} 10. O-O {[%clk 1:30:01]} O-O {[%clk 1:29:47]} 11. Re1 {[%clk 1:29:04]}
Qc7 {[%clk 1:27:30]} 12. Bc4 {[%clk 1:28:38]} Rfd8 {[%clk 1:26:32]} 13. Qc1
{[%clk 1:27:24]} c5 {[%clk 1:25:54]} 14. Bf4 {[%clk 1:23:53]} Qc8 {[%clk
1:23:40]} 15. d5 {[%clk 1:18:23]} Nb6 {[%clk 1:21:45]} 16. Ba2 {[%clk 1:17:44]}
Nbxd5 {[%clk 1:19:30]} 17. Nxd5 {[%clk 1:16:20]} Nxd5 {[%clk 1:19:21]} 18. Bxd5
{[%clk 1:16:46]} Rxd5 {[%clk 1:19:05]} 19. c3 {[%clk 0:59:27]} Bd6 {[%clk
1:17:31]} 20. Bxd6 {[%clk 0:58:18]} Rxd6 {[%clk 1:17:19]} 21. Qg5 {[%clk
0:56:18]} Qc7 {[%clk 1:15:49]} 22. Nh4 {[%clk 0:52:48]} Bg6 {[%clk 1:15:15]} 23.
Nxg6 {[%clk 0:52:40]} hxg6 {[%clk 1:13:45]} 24. Qg3 {[%clk 0:52:12]} Rad8 {[%clk
1:12:54]} 25. Qg4 {[%clk 0:45:55]} Rd2 {[%clk 1:12:43]} 26. Rab1 {[%clk 0:45:11]}
Qb6 {[%clk 1:11:21]} 27. Re2 {[%clk 0:44:19]} R8d3 {[%clk 1:09:25]} 28. Qe4
{[%clk 0:43:07]} c4 {[%clk 1:06:27]} 29. Rxd2 {[%clk 0:34:18]} Rxd2 {[%clk
1:06:31]} 30. Qe3 {[%clk 0:34:44]} Qxe3 {[%clk 1:02:48]} 31. fxe3 {[%clk
0:35:11]} Re2 {[%clk 1:02:54]} 32. b3 {[%clk 0:35:35]} Rxe3 {[%clk 1:01:38]} 33.
bxc4 {[%clk 0:36:01]} Rxc3 {[%clk 1:00:29]} 34. Rxb7 {[%clk 0:36:28]} Rxc4 {[%clk
0:58:29]} 35. Rxa7 {[%clk 0:36:47]} Rf4 {[%clk 0:56:26]} 36. Ra8+ {[%clk
0:37:11]} Kh7 {[%clk 0:56:47]} 37. a4 {[%clk 0:37:39]} e5 {[%clk 0:54:44]} 38. a5
{[%clk 0:36:39]} Ra4 {[%clk 0:50:40]} 39. a6 {[%clk 0:36:55]} Kh6 {[%clk
0:49:29]} 40. a7 {[%clk 0:36:53]} Kg5 {[%clk 0:49:15]} 41. Re8 {[%clk 0:37:10]}
Rxa7 {[%clk 0:49:08]} 42. Rxe5+ {[%clk 0:37:36]} Kf4 {[%clk 0:48:21]} 43. Re2
{[%clk 0:37:56]} Kg3 {[%clk 0:45:30]} 44. Re3+ {[%clk 0:38:22]} Kf4 {[%clk
0:42:30]} 45. Rf3+ {[%clk 0:38:47]} Ke4 {[%clk 0:40:02]} 46. Kh2 {[%clk 0:38:24]}
f5 {[%clk 0:37:49]} 47. Rg3 {[%clk 0:36:51]} Ra6 {[%clk 0:37:01]} 48. h4 {[%clk
0:36:26]} f4 {[%clk 0:35:36]} 49. Rf3 {[%clk 0:36:53]} Ra5 {[%clk 0:32:43]} 50.
Kh3 {[%clk 0:37:01]} g5 {[%clk 0:31:54]} 51. Kg4 {[%clk 0:37:17]} Ra2 {[%clk
0:29:12]} 52. g3 {[%clk 0:35:25]} Rg2 {[%clk 0:26:30]} 53. hxg5 {[%clk 0:35:28]}
Rxg3+ {[%clk 0:26:13]} 54. Rxg3 {[%clk 0:35:56]} fxg3 {[%clk 0:26:41]} 55. Kxg3
{[%clk 0:36:22]} g6 {[%clk 0:23:54]} 56. Kg4 {[%clk 0:36:06]} Ke5 {[%clk
0:23:02]} 57. Kh3 {[%clk 0:36:22]} Kf4 {[%clk 0:23:29]} 58. Kh4 {[%clk 0:36:49]}
Kf5 {[%clk 0:23:53]} 59. Kg3 {[%clk 0:37:09]} Kxg5 {[%clk 0:23:45]} 60. Kg2
{[%clk 0:37:24]} Kg4 {[%clk 0:23:16]} 61. Kf2 {[%clk 0:37:47]} Kh3 {[%clk
0:23:16]} 62. Kg1 {[%clk 0:38:11]} g5 {[%clk 0:23:26]} 63. Kh1 {[%clk 0:38:34]}
g4 {[%clk 0:23:28]} 64. Kg1 {[%clk 0:39:00]} Kg3 {[%clk 0:23:47]} 65. Kh1 {[%clk
0:39:16]} Kf2 {[%clk 0:23:50]} 0-1

[Event "Girls U12 Polish Youth Championship"]
[Site "chess24.com"]
[Date "2018.05.04"]
[Round "8"]
[White "Wieczorek, Julia"]
[Black "Sobieraj, Wiktoria"]
[Result "1-0"]
[Board "23"]
[WhiteElo "1086"]
[WhiteCountry "POL"]
[WhiteFideId "21853363"]
[WhiteEloChange "11"]
[BlackElo "1130"]
[BlackCountry "POL"]
[BlackFideId "21839107"]
[BlackEloChange "-11"]

1. e4 {[%clk 1:30:58]} c5 {[%clk 1:30:55]} 2. Nc3 {[%clk 1:31:20]} e6 {[%clk
1:31:19]} 3. Nf3 {[%clk 1:31:30]} a6 {[%clk 1:31:31]} 4. d4 {[%clk 1:31:39]} cxd4
{[%clk 1:31:55]} 5. Nxd4 {[%clk 1:32:02]} Qc7 {[%clk 1:32:15]} 6. Bd3 {[%clk
1:31:03]} Nc6 {[%clk 1:31:51]} 7. Nde2 {[%clk 1:29:59]} Nf6 {[%clk 1:30:51]} 8.
O-O {[%clk 1:27:29]} Be7 {[%clk 1:30:31]} 9. f4 {[%clk 1:17:24]} d6 {[%clk
1:30:02]} 10. Ng3 {[%clk 1:10:42]} b5 {[%clk 1:29:18]} 11. a3 {[%clk 1:04:59]}
Bb7 {[%clk 1:28:15]} 12. Be3 {[%clk 0:59:14]} h5 {[%clk 1:27:38]} 13. Be2 {[%clk
0:51:22]} g6 {[%clk 1:25:36]} 14. f5 {[%clk 0:41:12]} O-O {[%clk 1:08:00]} 15.
Bh6 {[%clk 0:31:59]} Rfd8 {[%clk 1:01:20]} 16. Bg5 {[%clk 0:27:25]} Qb6+ {[%clk
0:56:17]} 17. Kh1 {[%clk 0:26:55]} Kg7 {[%clk 0:55:25]} 18. Bxf6+ {[%clk
0:23:53]} Bxf6 {[%clk 0:55:42]} 19. Bxh5 {[%clk 0:21:42]} Bxc3 {[%clk 0:51:12]}
20. fxg6 {[%clk 0:20:01]} fxg6 {[%clk 0:47:28]} 21. Bxg6 {[%clk 0:19:47]} Kxg6
{[%clk 0:44:27]} 22. Qg4+ {[%clk 0:19:55]} Kh7 {[%clk 0:44:39]} 23. Rf7+ {[%clk
0:18:33]} Kh8 {[%clk 0:44:48]} 24. Qh5+ {[%clk 0:18:30]} Kg8 {[%clk 0:44:12]} 25.
Qh7# {[%clk 0:18:39]} 1-0

[Event "Girls U12 Polish Youth Championship"]
[Site "chess24.com"]
[Date "2018.05.04"]
[Round "8"]
[White "Karys, Katarzyna"]
[Black "Brelinska, Matylda"]
[Result "1/2-1/2"]
[Board "24"]
[WhiteElo "1084"]
[WhiteCountry "POL"]
[WhiteFideId "21834253"]
[WhiteEloChange "-1"]
[BlackElo "1051"]
[BlackCountry "POL"]
[BlackFideId "21861072"]
[BlackEloChange "1"]

1. e4 {[%clk 1:30:56]} c5 {[%clk 1:30:57]} 2. Nf3 {[%clk 1:31:18]} Nc6 {[%clk
1:31:22]} 3. d4 {[%clk 1:31:40]} cxd4 {[%clk 1:31:50]} 4. Nxd4 {[%clk 1:31:59]}
g6 {[%clk 1:32:15]} 5. Nc3 {[%clk 1:32:21]} Bg7 {[%clk 1:32:40]} 6. Be3 {[%clk
1:32:44]} Nf6 {[%clk 1:33:03]} 7. Be2 {[%clk 1:32:42]} O-O {[%clk 1:33:27]} 8.
Qd2 {[%clk 1:32:49]} d5 {[%clk 1:33:50]} 9. exd5 {[%clk 1:33:05]} Nxd5 {[%clk
1:34:14]} 10. Nxd5 {[%clk 1:33:23]} Qxd5 {[%clk 1:34:34]} 11. Bf3 {[%clk
1:33:05]} Qd8 {[%clk 1:34:47]} 12. c3 {[%clk 1:33:23]} e5 {[%clk 1:32:34]} 13.
Nxc6 {[%clk 1:33:23]} bxc6 {[%clk 1:32:50]} 14. Qxd8 {[%clk 1:33:00]} Rxd8 {[%clk
1:33:10]} 15. Bxc6 {[%clk 1:32:33]} Rb8 {[%clk 1:33:29]} 16. b4 {[%clk 1:31:45]}
Be6 {[%clk 1:33:08]} 17. Bxa7 {[%clk 1:26:39]} Rbc8 {[%clk 1:33:22]} 18. Bb7
{[%clk 1:24:13]} e4 {[%clk 1:32:22]} 19. Bxc8 {[%clk 1:23:12]} Bxc3+ {[%clk
1:32:32]} 20. Ke2 {[%clk 1:23:22]} Bc4+ {[%clk 1:30:47]} 21. Ke3 {[%clk 1:22:57]}
Bxa1 {[%clk 1:29:49]} 22. Rxa1 {[%clk 1:23:12]} Rxc8 {[%clk 1:30:12]} 23. Kxe4
{[%clk 1:23:05]} Ra8 {[%clk 1:29:36]} 24. Bd4 {[%clk 1:22:07]} Bxa2 {[%clk
1:29:36]} 25. Kd3 {[%clk 1:20:26]} Ra3+ {[%clk 1:28:55]} 26. Kc2 {[%clk 1:18:12]}
Bb3+ {[%clk 1:28:55]} 27. Kb2 {[%clk 1:17:48]} Rxa1 {[%clk 1:29:01]} 28. Kxa1
{[%clk 1:18:10]} Bd5 {[%clk 1:29:05]} 29. g3 {[%clk 1:18:30]} Kf8 {[%clk
1:29:28]} 30. b5 {[%clk 1:18:19]} Ke8 {[%clk 1:29:50]} 31. b6 {[%clk 1:18:35]}
Kd7 {[%clk 1:29:57]} 32. Kb2 {[%clk 1:18:48]} Kc6 {[%clk 1:29:56]} 33. Kc3 {[%clk
1:19:00]} Kb7 {[%clk 1:30:11]} 34. Kd3 {[%clk 1:18:33]} Kc8 {[%clk 1:30:10]} 35.
Ke3 {[%clk 1:18:53]} Kd7 {[%clk 1:30:28]} 36. Kf4 {[%clk 1:19:03]} h6 {[%clk
1:26:06]} 37. Ke5 {[%clk 1:18:35]} Bb7 {[%clk 1:26:07]} 38. h4 {[%clk 1:17:39]}
Ke7 {[%clk 1:23:44]} 39. g4 {[%clk 1:12:09]} f6+ {[%clk 1:23:44]} 40. Kf4 {[%clk
1:11:48]} Ke6 {[%clk 1:24:07]} 41. g5 {[%clk 1:10:09]} hxg5+ {[%clk 1:23:50]} 42.
hxg5 {[%clk 1:09:33]} f5 {[%clk 1:24:12]} 43. Bf6 {[%clk 1:07:30]} Bc6 {[%clk
1:22:36]} 44. Ke3 {[%clk 1:07:09]} Bb7 {[%clk 1:23:00]} 45. Kd4 {[%clk 1:06:53]}
Kd6 {[%clk 1:22:17]} 46. Be5+ {[%clk 1:04:49]} Ke6 {[%clk 1:22:34]} 47. Bc7
{[%clk 1:02:18]} Bc6 {[%clk 1:20:58]} 48. Kc5 {[%clk 1:01:01]} Kd7 {[%clk
1:21:12]} 49. Be5 {[%clk 1:00:55]} Bb7 {[%clk 1:21:12]} 50. Bf6 {[%clk 1:00:55]}
Kc8 {[%clk 1:21:12]} 51. Be5 {[%clk 1:00:55]} Kd7 {[%clk 1:21:12]} 52. Kb5 {[%clk
1:00:55]} Kc8 {[%clk 1:21:12]} 1/2-1/2